| 000 | 01581nkm a2200313 i 4500 | ||
|---|---|---|---|
| 001 | 3529 | ||
| 003 | ES-MaACL | ||
| 005 | 20250713062741.0 | ||
| 007 | khrbo | ||
| 008 | 051108s1985 sp --- g |001||spa d | ||
| 100 | 0 |
_aAlfonso, _d1902-1990 _919858 |
|
| 245 | 1 | 0 |
_aBerceo y el Mester de clerecía en la nueva perspectiva de la crítica _b: ; El Mío Cid : nueva lectura de su intencionalidad política [ _hFotografía] / _cAlfonso (sello). |
| 260 |
_a[S.l. : _bs.n.], _c1985. |
||
| 300 |
_a5 fot. : _bb. y n. ; _c12 x 18 cm. |
||
| 490 | 1 | _aSimposio literario internacional sobre aspectos de la literatura medieval española (2ª. 1985. Madrid | |
| 500 | _aDatos basados en invitación. | ||
| 511 | 0 | _aIntervienen: Isabel Uría Maqua, Diego Catalán Menéndez-Pidal. | |
| 518 | _aActo organizado por la Sección de Literatura del Ateneo de Madrid y patrocinado por la Comunidad de Madrid, celebrado en el salón de actos el lunes, 25 de noviembre de 1985, a las 18:45 h. | ||
| 600 | 1 | 4 |
_aUría Maqua, Isabel. _9112141 |
| 600 | 1 | 4 |
_aCatalán, Diego. _937019 |
| 610 | 2 | 4 |
_aAteneo de Madrid- _xActos culturales- _y1985- _vFotografías. _91900 |
| 710 | 2 |
_aAteneo de Madrid. _bSección de Literatura. _91997 |
|
| 710 | 1 |
_aMadrid (Comunidad Autónoma) _95587 |
|
| 740 | 3 | _aEl Mío Cid. | |
| 830 | 0 |
_aSimposio literario internacional sobre aspectos de la literatura medieval española (2ª. 1985. Madrid _9176826 |
|
| 852 |
_aES-MaACL _jFOT 93/1985 |
||
| 856 | 4 |
_uhttp://www.ateneodemadrid.net/biblioteca_digital/imagenes/1985/0093-1985.jpg _zVer imagen |
|
| 999 |
_c3529 _d3529 |
||